| 000 | 01180nam2a22002411 4500 | ||
|---|---|---|---|
| 001 | rc\638732 | ||
| 005 | 20250621222152.0 | ||
| 035 | _a(NLR Aleph) 005951421 | ||
| 090 |
_a6768105 _c6768105 |
||
| 100 | _a20031121d1986 |||y0rusy50 ca | ||
| 101 | 0 | _arus | |
| 102 | _aRU | ||
| 105 | _ay ||||||||| | ||
| 200 | 0 | _aТ. 2 | |
| 210 |
_d1986 _aБ. м. |
||
| 215 | _a159 с. | ||
| 333 | _aДСП. Экз. № 00004 | ||
| 461 | 0 |
_1001rc\638730 _12001#$aВсесоюзное совещание "Охрана природной среды морей и устьев рек", Владивосток, 22-27 сентября 1986 г.$eТез. докл.$vТ. 2 _96768087 _a"Охрана природной среды морей и устьев рек", всесоюзное совещ. (1986 ; Владивосток) _cВладивосток _d1986 _nДВНЦ АН СССР _oТез. докл. _tВсесоюзное совещание "Охрана природной среды морей и устьев рек", Владивосток, 22-27 сентября 1986 г. _vТ. 2 |
|
| 801 | 0 |
_aRU _bNLR _gpsbo |
|
| 801 | 1 |
_aRU _bELAR _2rusmarc |
|
| 852 |
_aNLR _j88-50К/3225 |
||
| 942 | _cBOOK | ||
| 980 | _aNB | ||